| 000 | 00599cam a2200181 a 4500 | ||
|---|---|---|---|
| 020 | _a047193884X : | ||
| 082 | 0 | 0 |
_a531.382 _bBED _cL-N, P-25 |
| 100 | 1 |
_aBedford, A. _939875 |
|
| 245 | 1 | 0 |
_aIntroduction to elastic wave propagation / _cA. Bedford, D.S. Drumheller. |
| 260 |
_aChichester [England] ; _aNew York : _bWiley, _cc1994. |
||
| 300 |
_axiii, 297 p. : _bill. ; _c24 cm. |
||
| 526 |
_a0 _b0 _c0 _d531_382000000000000_BED |
||
| 650 | 0 |
_aElastic wave propagation. _939876 |
|
| 650 | 0 |
_aMCE _9379 |
|
| 650 | 0 |
_aWave motion, Theory of. _939877 |
|
| 700 | 1 |
_aDrumheller, D. S. _939878 |
|
| 942 |
_2ddc _cBK |
||
| 999 |
_c544287 _d544287 |
||